Náhrady pri zahraničnej pracovnej ceste

Náhrady pri zahraničných pracovných cestách, ktoré je zamestnávateľ povinný poskytnúť vyslanému zamestnancovi, sú tieto podľa zákona o daniach z príjmov považované za daňový náklad zamestnávateľa. Cestovné výdavky. Výdavky na ubytovanie. Stravné. Sadzby stravného. Preukázateľné potrebné vedľajšie vý...

Ausführliche Beschreibung

Gespeichert in:
Bibliographische Detailangaben
1. Verfasser: Minársky, Ján
Format: Buchkapitel
Sprache:Slowakisch
Schlagworte:
Tags: Tag hinzufügen
Keine Tags, Fügen Sie das erste Tag hinzu!

MARC

LEADER 00000naa a2200000 4500
001 r033722
005 20230926073057.4
041 0 |a slo 
044 |a SK 
245 1 0 |a Náhrady pri zahraničnej pracovnej ceste  |c Ján Minársky 
520 |a Náhrady pri zahraničných pracovných cestách, ktoré je zamestnávateľ povinný poskytnúť vyslanému zamestnancovi, sú tieto podľa zákona o daniach z príjmov považované za daňový náklad zamestnávateľa. Cestovné výdavky. Výdavky na ubytovanie. Stravné. Sadzby stravného. Preukázateľné potrebné vedľajšie výdavky. 
610 2 0 |a cesty pracovné 
610 2 0 |a náhrada cestovného 
610 2 0 |a náhrada výdavkov 
610 2 0 |a výdavky 
610 2 0 |a cestovné 
100 1 |a Minársky, Ján